Морская экология и прибрежно-морское природопользование: учебное пособие

Detalles Bibliográficos
Autor Principal: Блиновская Я. Ю. Яна Юрьевна
Summary:В учебном пособии рассматриваются основы морской экологии и прибрежно-морского природопользования, экологические факторы, определяющие развитие морских экосистем, а также характеристики популяций гидробионтов и биотические отношения в гидробиоценозах, представляются основные направления прибрежно-морского природопользования.Представляет интерес для студентов и аспирантов, обучающихся по Направлению «Техносферная безопасность». Основное содержание, базовые понятия и характеристики будут также полезны специалистам в области географии и охраны окружающей среды.
Idioma:ruso
Publicado: Москва, Форум, 2019
Edición:2-е изд.
Series:Высшее образование. Бакалавриат
Subjects:
Formato: MixedMaterials Libro
KOHA link:https://koha.lib.tpu.ru/cgi-bin/koha/opac-detail.pl?biblionumber=343594

MARC

LEADER 00000nam0a2200000 4500
001 343594
005 20231102005557.0
010 |a 9785000911402 
010 |a 978-5-16-011454-5 
035 |a (RuTPU)RU\TPU\book\374004 
035 |a RU\TPU\book\258118 
090 |a 343594 
100 |a 20191010d2019 m y0rusy50 ca 
101 0 |a rus 
102 |a RU 
105 |a a j 001zy 
200 1 |a Морская экология и прибрежно-морское природопользование  |e учебное пособие  |f Я. Ю. Блиновская 
205 |a 2-е изд. 
210 |a Москва  |c Форум  |c Инфра-М  |d 2019 
215 |a 168 с.  |c ил. 
225 1 |a Высшее образование. Бакалавриат 
320 |a Библиогр.: с. 162-164 
330 |a В учебном пособии рассматриваются основы морской экологии и прибрежно-морского природопользования, экологические факторы, определяющие развитие морских экосистем, а также характеристики популяций гидробионтов и биотические отношения в гидробиоценозах, представляются основные направления прибрежно-морского природопользования.Представляет интерес для студентов и аспирантов, обучающихся по Направлению «Техносферная безопасность». Основное содержание, базовые понятия и характеристики будут также полезны специалистам в области географии и охраны окружающей среды. 
606 1 |a Экосистемы водные  |2 stltpush  |3 (RuTPU)RU\TPU\subj\38866  |9 59117 
610 1 |a морская экология 
610 1 |a экологические факторы 
610 1 |a морская среда 
610 1 |a популяции 
610 1 |a морские экосистемы 
610 1 |a гидробиоценоз 
610 1 |a биотические сообщества 
610 1 |a внутрипопуляционные отношения 
610 1 |a межвидовые отношения 
610 1 |a прибрежно-морское природопользование 
610 1 |a моря 
610 1 |a Россия 
610 1 |a экологическая безопасность 
610 1 |a правовые вопросы 
610 1 |a учебные пособия 
675 |a 504.4(075.8)  |v 3 
700 1 |a Блиновская  |b Я. Ю.  |g Яна Юрьевна 
801 1 |a RU  |b 63413507  |c 20130507 
801 2 |a RU  |b 63413507  |c 20191114  |g RCR 
900 |a Экологическая гидрогеология 
900 |a Экология 
942 |c BK 
959 |a 13/20191008  |d 1  |e 548,80  |f ЧЗТЛ:1